000 00362nam a2200169Ia 4500
100 _aBose/Ranjan
650 _ainformation theory
250 _a2
942 _cBK
366 _f25
654 _acoding
245 _aInformation theory
260 _bOxford Higher Education
_c2014
082 _a5.82
_bBOS
300 _a326
546 _aENGLISH
_celectronics
999 _c26859
_d26859